000
00212nam a22000857a 4500
008
170614b xxu||||| |||| 00| 0 eng d
100
_9
3419
_a
Tayal. B. B
245
_a
Social Science VI
260
_a
New Delhi
_b
A. P
_c
2009
999
_c
6784
_d
6784